000 02169nam0a2200481 4500
001 RU\NLR\bibl\1872679
005 20250616191057.0
010 _a978-5-399-00243-9
_94000
021 _aRU
_b2012-7116
_9522
035 _a(nilc)LIBNET\0000159538
035 _aRU/KIROV/BIBL/0000072611
035 _a(NLR Aleph) 001862503
090 _a2550759
_c2550759
100 _a20110803d2011 |||y0rusy50 ca
101 0 _arus
102 _aRU
105 _ay |||||||||
200 1 _aПроект "Долголетие"
_dThe longevity project
_eсенсационные открытия, сделанные на основе исследования, которое длилось почти 100 лет
_fХовард С. Фридман, Лесли Р. Мартин
_g[пер. с англ. Е. Мирошниченко]
_zeng
210 _aМосква
_cСофия
_d2011
215 _a317, [2] с.
300 _aАвт. также на англ. яз.: Howard S. Friedman, Leslie R. Martin
320 _aБиблиогр. в подстроч. прим.
510 1 _6z20790
_aThe longevity project
_zeng
606 1 _aЗдоровье
_jПопулярные издания
_xСоциально-психологические исследования
_92072932
_3RU\NLR\auth\661247793
606 1 _aЖизнь
_jПопулярные издания
_xПродолжительность
_xВлияние образа жизни
_91121714
_3RU\NLR\auth\66444559
610 1 _aПроект "Долголетие"
686 _a28.903,7
_vLBC/M
_2rubbk
686 _aС550.54я9
686 _aЮ948.1-8я9
686 _aР120.4я9
700 1 _aФридман
_bХ. С.
_gХовард С.
_4070
701 1 _aМартин
_bЛ. Р.
_gЛесли Р.
_4070
790 1 _6z20
_aFriedman
_bH. S.
_gHoward S
_4070
790 1 _6z20
_aMartin
_bL. R.
_gLeslie R
_4070
801 0 _aRU
_bКировская ГУОНБ
_c20110803
_grcr
801 1 _aRU
_bКировская ГУОНБ
_c20110803
_2rusmarc
801 2 _aRU
_bКировская ГУОНБ
_c20110906
801 2 _aRU
_bNLR
_c20120222
_grcr
942 _cBOOK
980 _aNB
980 _aNBR